[Event "Fredrikstad CC-ch"]
[Site "Fredrikstad"]
[Date "2003.02.26"]
[Round "4"]
[White "Fredriksen, Frank"]
[Black "Groot, Peter"]
[Result "0-1"]
[WhiteElo "1367"]
[BlackElo "1470"]
[PlyCount "61"]
[EventDate "2003.01.??"]
[EventType "swiss"]
[EventRounds "11"]
[EventCountry "NOR"]
[SourceTitle "EXT 2005"]
[Source "ChessBase"]
[SourceDate "2004.11.15"]
[SourceVersion "1"]
[SourceVersionDate "2004.11.15"]
[SourceQuality "1"]

1. e4 e6 2. d4 b6 3. Nc3 Bb7 4. a3 Nf6 5. e5 Nd5 6. Nxd5 Bxd5 7. c4 Bb7 8. Qg4 g6 9. Bg5 Be7 10. h4 Nc6 11. Nf3 Na5 12. Bh6 f6 13. exf6 Bxf6 14. Bd3 Qe7 15. h5 0-0-0 16. Bg5 Rdf8 17. Bh6 Rfg8 18. hxg6 hxg6 19. 0-0-0 Kb8 20. Be3 Bxf3 21. Qxf3 Bxd4 22. Rxh8 Bxh8 23. b4 Qg7 24. Bc2 Qb2+ 25. Kd2 Nxc4+ 26. Ke1 Qxc2 27. Rc1 Qb3 28. Qg3 Bb2 29. Rd1 Bc3+ 30. Ke2 Qc2+ 31. Bd2 0-1

[Event "Fredrikstad Hostturnering"]
[Site "Fredrikstad"]
[Date "2002.11.20"]
[Round "8"]
[White "Fredriksen, Frank"]
[Black "Saether, Steinar"]
[Result "1-0"]
[WhiteElo "1284"]
[BlackElo "1586"]
[PlyCount "63"]
[EventDate "2002.09.??"]
[EventType "swiss"]
[EventRounds "9"]
[EventCountry "NOR"]
[SourceTitle "EXT 2005"]
[Source "ChessBase"]
[SourceDate "2004.11.15"]
[SourceVersion "1"]
[SourceVersionDate "2004.11.15"]
[SourceQuality "1"]

1. e4 d5 2. e5 c5 3. Nf3 Nc6 4. h3 Bf5 5. d4 e6 6. Bg5 Qb6 7. b3 cxd4 8. Nh4 Bg6 9. Nxg6 hxg6 10. Bf4 Bc5 11. Bd3 Nge7 12. 0-0 0-0-0 13. a4 f6 14. exf6 gxf6 15. Re1 e5 16. a5 Nxa5 17. Bxe5 fxe5 18. Rxe5 Nac6 19. Qg4+ Kb8 20. Re6 Rdf8 21. Nd2 Qc7 22. Nf3 Nb4 23. Nxd4 Bxd4 24. Qxd4 Nxd3 25. Qxa7+ Kc8 26. cxd3 Nc6 27. Qc5 Qf7 28. Ra8+ Kc7 29. Rxc6+ bxc6 30. Ra7+ Kc8 31. Qxc6+ Kb8 32. Ra8# 1-0

[Event "Fredrikstad CC-ch"]
[Site "Fredrikstad"]
[Date "2002.04.17"]
[Round "8"]
[White "Larsen, Gerry"]
[Black "Fredriksen, Frank"]
[Result "0-1"]
[WhiteElo "947"]
[BlackElo "1276"]
[PlyCount "48"]
[EventDate "2002.01.??"]
[EventType "swiss"]
[EventRounds "11"]
[EventCountry "NOR"]
[SourceTitle "EXT 2005"]
[Source "ChessBase"]
[SourceDate "2004.11.15"]
[SourceVersion "1"]
[SourceVersionDate "2004.11.15"]
[SourceQuality "1"]

1. d4 d5 2. c4 c5 3. Nf3 Nf6 4. Nc3 cxd4 5. Nxd4 e5 6. Nc2 d4 7. Nb1 Bf5 8. Bg5 Qb6 9. b3 Ne4 10. Bh4 Bc5 11. Nd2 Nc3 12. Qc1 Qg6 13. Na3 Bb4 14. f3 e4 15. fxe4 Nxe4 16. Nab1 Qh6 17. g3 Qe3 18. g4 Bxg4 19. a3 Bc3 20. Nxc3 Nxc3 21. Bf2 Qe6 22. Nb1 Nxe2 23. Qd2 Ng1+ 24. Be2 Nf3+ 0-1

[Event "Fredrikstad CC-ch"]
[Site "Fredrikstad"]
[Date "2002.04.03"]
[Round "9"]
[White "Fredriksen, Frank"]
[Black "Skaug, Thorbjorn"]
[Result "1/2-1/2"]
[WhiteElo "1276"]
[BlackElo "1098"]
[PlyCount "36"]
[EventDate "2002.01.??"]
[EventType "swiss"]
[EventRounds "11"]
[EventCountry "NOR"]
[SourceTitle "EXT 2005"]
[Source "ChessBase"]
[SourceDate "2004.11.15"]
[SourceVersion "1"]
[SourceVersionDate "2004.11.15"]
[SourceQuality "1"]

1. e4 e6 2. d4 a6 3. Nf3 b5 4. a3 Bb7 5. Nc3 Nf6 6. Bg5 Be7 7. Bd3 d6 8. 0-0 Nbd7 9. Re1 0-0 10. Qd2 c5 11. dxc5 dxc5 12. b3 Rc8 13. Qe2 Re8 14. Rad1 Qc7 15. e5 Nd5 16. Nxd5 Bxd5 17. c4 Bxf3 18. Qxf3 Bxg5 1/2-1/2